000 01225nam a22003497a 4500
003 CHAP
005 20220817042658.0
008 971013s1974 mx a r 00010 spa d
010 _a52035
011 _a53007
035 _a57157
040 _cCHAP
090 _aFolleto 725
100 0 0 _aSánchez Colín, Salvador.
_9107431
245 1 0 _aProblemática de la producción de limón en México
_cpor Salvador Sánchez Colín
260 _aMéxico, D.F. :
_bComisión Nacional de Fruticultura,
_c1974
300 _a20 p.
_b: ilus.
490 _aSerie especial: Folleto
_v; 17
590 _aBATCH-UPD
_b10
_c20130110
_lUCH01
_h1616
590 _aBATCH-UPD
_b10
_c20130410
_lUCH01
_h1011
590 _aBATCH-UPD
_b10
_c20130914
_lUCH01
_h1725
590 _aCONVERSION
_b10
_c20130109
_lUCH01
_h1328
650 1 4 _aLimón.
_966813
650 1 4 _aLimón
_xRendimiento.
_966848
830 0 _aSerie especial Folleto
_v; 17
901 _aBK
942 _cFOLL
949 _aFolleto 725
_bBC
_cFOLL
_d-124498
_eTS1
_i57157
_si
949 _aFolleto 725
_bBC
_cFOLL
_d-124499
_eTS2
_fc.2
_i57157
_si
949 _aFolleto 725
_bBC
_cFOLL
_d-124500
_eTS2
_fc.3
_i57157
_si
949 _aFolleto 725
_bBC
_cFOLL
_d33724002312769
_eTS2
_fc.4
_gDonaciØn
_i57157
_sb
999 _c52035
_d52035